[Event "ch-PHI w"]
[Site "Tagaytay City PHI"]
[Date "2010.05.26"]
[Round "2"]
[White "Docena,J"]
[Black "Jose,Ru"]
[Result "1/2-1/2"]
[WhiteElo "2008"]
[BlackElo "1986"]

1.e4 d6 2.d4 g6 3.Nc3 Bg7 4.Be3 Nc6 5.Qd2 e5 6.d5 Nce7 7.O-O-O f5 8.f4 fxe4
9.fxe5 Bxe5 10.Nxe4 Nf6 11.Nxf6+ Bxf6 12.Nf3 O-O 13.Bh6 Re8 14.h3 Nf5 15.Bf4 Nh4
16.Nxh4 Bxh4 17.Bd3 Bd7 18.Kb1 Qe7 19.Rhf1 Qg7 20.g3 Bf6 21.Bh6 Qe7 22.Rde1 Qf7
23.g4 Rxe1+ 24.Qxe1 Qe7 25.Qb4 b6 26.Qc4 Rc8 27.c3 Bg5 28.Bxg5 Qxg5 29.Qe4 Re8
30.Qf3 Qe7 31.Kc2 Rf8 32.Qxf8+ Qxf8 33.Rxf8+ Kxf8 34.Kd2 Kg7 35.Ke3 Kf6 36.Kf4 g5+
37.Ke3 h5 38.gxh5 Kg7 39.h4 gxh4 40.Kf4 Kh6 41.Bg6 Bh3 42.Bf7 Bf1 43.Kg4 h3
44.Kg3 Kg5 45.b3 b5 46.Be8 a6 47.a3 Be2 48.h6 Kxh6 49.Kxh3 Kg5 50.Kg3 Kf5
51.Kf2 Bd1 52.b4 Ke4 53.Bc6 Kd3 54.Bb7 Kxc3 55.Bxa6 Bb3 56.Bxb5 Bxd5 57.Ke3 Kb3
58.Kd3 c6 59.Ba6 Bg2 60.Kd4 Kxa3 61.Kc3 Ka4 62.Bc8 Kb5 63.Bd7 Kb6 64.Kd4 Kc7
65.Bg4 Kd8 66.Bf5 Ke7 67.Bg4 Bf1 68.Bf3 Bb5 69.Bg4 Kf6 70.Ke4 Kg5 71.Bd1 Ba6
72.Ba4 Bb7 73.Kd4 Kf4 74.Bd1  1/2-1/2

[Event "2nd Limpedea Cup"]
[Site "Baia Sprie ROM"]
[Date "2010.05.28"]
[Round "5"]
[White "Dvirnyy,D"]
[Black "Manolache,M"]
[Result "0-1"]
[WhiteElo "2459"]
[BlackElo "2527"]

1.e4 d6 2.d4 g6 3.Nc3 Bg7 4.Be3 c6 5.Qd2 Nd7 6.Nf3 Qa5 7.Bd3 Ngf6 8.O-O O-O
9.Nd5 Qd8 10.Nc3 Ng4 11.Bg5 f6 12.Bh4 e5 13.h3 Nh6 14.dxe5 dxe5 15.Bc4+ Nf7
16.Rfd1 Qe8 17.Qd6 Kh8 18.Qc7 g5 19.Bg3 Nc5 20.Rd2 Be6 21.Bf1 Qc8 22.Qxc8 Rfxc8
23.Ne1 b5 24.Nd3 Nb7 25.a4 a6 26.axb5 axb5 27.Rad1 Bf8 28.b3 Bh6 29.Re2 Rd8
30.f3 Bf8 31.Bf2 Rd7 32.Be3 h5 33.Red2 h4 34.Nf2 Rxd2 35.Bxd2 Bc5 36.Be2 Rd8
37.Kf1 Bd4 38.Be1 Ra8 39.Nd3 Kg7 40.Nb4 Nfd8 41.Nd3 Bf7 42.Rb1 Ne6 43.Nd1 Bb6
44.c3 Ra3 45.b4 Nd6 46.Bf2 Nc4 47.Ke1 Bxf2+ 48.Kxf2 Ra2 49.Ke1 Ra3 50.Rc1 Kf8
51.N3b2 Nxb2 52.Nxb2 Nf4 53.Bf1 Ra2 54.Rb1 Bb3 55.Kd2 Bc4 56.Bxc4 bxc4 57.Kd1 Nxg2
58.Nxc4 Nf4 59.b5 cxb5 60.Rxb5 Nxh3 61.Rb8+ Ke7 62.Ne3 Nf2+ 63.Ke1 h3 64.Nd5+ Kd7
65.Rb7+ Kc8 66.Rh7 Nd3+ 67.Kf1 h2 68.Rh8+ Kb7 69.Rh7+ Ka6  0-1

[Event "NAO"]
[Site "Stillwater USA"]
[Date "2010.05.28"]
[Round "1"]
[White "Wawrzaszek,J"]
[Black "Anderson,M"]
[Result "1-0"]
[WhiteElo "2018"]
[BlackElo "1806"]

1.e4 g6 2.d4 Bg7 3.Nc3 d6 4.Nf3 Bg4 5.Be2 Nf6 6.h3 Bc8 7.Be3 O-O 8.O-O Nbd7
9.e5 dxe5 10.dxe5 Ne8 11.e6 fxe6 12.Ng5 Nef6 13.Nxe6 Qe8 14.Nxc7 Qf7 15.Nxa8 Ne5
16.Nc7 Kh8 17.Bg5 a6 18.Bxf6 Qxf6 19.N7d5 Qf7 20.f4 Nc6 21.Bg4 Bd4+ 22.Kh1 e6
23.Ne2 Bxb2 24.Rb1 Bg7 25.Nb6 Na5 26.Qd2 Nc6 27.Rfd1 h5 28.Bf3 Ne7 29.Nxc8 Rxc8
30.Rxb7 Qf8 31.Qb4 Bf6 32.Be4 Kg7 33.Rdd7 Kf7 34.Nd4 Ke8 35.Rxe7+ Bxe7 36.Rxe7+  1-0

[Event "XXIX Open A"]
[Site "Zalakaros HUN"]
[Date "2010.05.28"]
[Round "3"]
[White "Greeff,M"]
[Black "Istvanovszki,M"]
[Result "0-1"]
[WhiteElo "2075"]
[BlackElo "2258"]

1.e4 g6 2.d4 Bg7 3.Nc3 d6 4.f4 a6 5.a4 Nf6 6.Nf3 O-O 7.Be3 Nbd7 8.Be2 b6
9.e5 Ng4 10.Bc1 c5 11.e6 Ndf6 12.exf7+ Kh8 13.h3 Nh6 14.g4 Nxf7 15.Be3 Bb7
16.Rg1 Qc8 17.Nh4 cxd4 18.Bxd4 e5 19.fxe5 Nxe5 20.Qd2 b5 21.g5 Ne4 22.Nxe4 Bxe4
23.Qe3 Qc6 24.a5 Rae8 25.Qc3 Nf3+ 26.Bxf3 Bxf3+ 27.Kd2 Qd5 28.Nxf3 Rxf3 29.Qxf3 Qxf3  0-1

[Event "NAO"]
[Site "Stillwater USA"]
[Date "2010.05.29"]
[Round "4"]
[White "Cohen,H"]
[Black "Latino,C"]
[Result "1-0"]
[WhiteElo "2072"]
[BlackElo "2015"]

1.e4 g6 2.d4 Bg7 3.Nc3 d6 4.f4 Nc6 5.d5 Nb8 6.Nf3 Nh6 7.e5 dxe5 8.fxe5 Ng4
9.Bf4 O-O 10.h3 Bh6 11.Qd2 Bxf4 12.Qxf4 h5 13.hxg4 Bxg4 14.Bd3 Kg7 15.O-O-O Nd7
16.Rdf1 Nc5 17.Be2 e6 18.Ng5 Bxe2 19.Nxf7 Bxf1 20.Qh6+ Kxf7 21.Rxf1+  1-0

[Event "NAO"]
[Site "Stillwater USA"]
[Date "2010.05.29"]
[Round "5"]
[White "Berger,Ja"]
[Black "Cohen,H"]
[Result "1-0"]
[WhiteElo "1967"]
[BlackElo "2072"]

1.e4 g6 2.d4 d6 3.Nc3 Bg7 4.Be3 Nf6 5.f3 c6 6.Qd2 b5 7.O-O-O Qa5 8.Kb1 b4
9.Nce2 Be6 10.Nc1 Nbd7 11.h4 h5 12.Nge2 Nb6 13.Nb3 Qa4 14.Nf4 Nc4 15.Bxc4 Bxc4
16.e5 Nd5 17.Nxd5 Bxd5 18.exd6 exd6 19.Bg5 Kd7 20.Bf4 Qb5 21.Bh2 Bh6 22.Qf2 Rhe8
23.Qg3 Bf8 24.Qf4 Re2 25.Rc1 Qc4 26.Rhe1 Rae8 27.Nc5+ Kc7 28.b3 Qc3 29.Rxe2 Rxe2
30.Qf6 Be7 31.Qh8 Rxg2 32.Qe8 Qxc5 33.Qxe7+ Kb6 34.dxc5+ dxc5 35.Qc7+ Ka6
36.Qc8+  1-0

[Event "ch-PHI w"]
[Site "Tagaytay City PHI"]
[Date "2010.05.31"]
[Round "8"]
[White "Cherry,A"]
[Black "Docena,J"]
[Result "1/2-1/2"]
[WhiteElo "1868"]
[BlackElo "2008"]

1.e4 d6 2.d4 g6 3.Nc3 Bg7 4.Be3 Nf6 5.f3 c6 6.Qd2 O-O 7.O-O-O b5 8.g4 Qa5
9.Kb1 Nbd7 10.h4 h5 11.Bh6 b4 12.Bxg7 Kxg7 13.Nce2 Nb6 14.gxh5 Nxh5 15.Nh3 Nc4
16.Qe1 Ne3 17.Rc1 Be6 18.b3 Qb6 19.Qd2 Nxf1 20.Rcxf1 Bxh3 21.Rxh3 a5 22.Rd1 a4
23.Nf4 Rh8 24.d5 c5 25.Nxh5+ Rxh5 26.f4 Rah8 27.Qf2 axb3 28.cxb3 Kf8 29.Rg1 Qb5
30.Rg5 Qd7 31.Rh2 Rxg5 32.hxg5 Rxh2 33.Qxh2 Kg8 34.Qg3 Qb5 35.Qh3 Qe2 36.Qh1 Qe3
37.f5 Qxg5 38.fxg6 fxg6 39.Qf3 Qe5 40.Qg4 Kg7 41.Qh4 Kf7 42.Qh7+ Qg7 43.Qh3 Kf6
44.Qh2 g5 45.Qf2+ Kg6 46.Qf5+ Kh5 47.Qh3+  1/2-1/2

[Event "2nd Limpedea Cup"]
[Site "Baia Sprie ROM"]
[Date "2010.06.01"]
[Round "9"]
[White "Burnoiu,N1"]
[Black "Manea,Al"]
[Result "1-0"]
[WhiteElo "2403"]
[BlackElo "2396"]

1.e4 g6 2.d4 Bg7 3.Nc3 d6 4.Be3 c6 5.Qd2 Nd7 6.Nf3 b5 7.Bd3 Bb7 8.O-O e5
9.dxe5 dxe5 10.a4 a6 11.axb5 axb5 12.Rxa8 Qxa8 13.Bxb5 Ngf6 14.Bc4 O-O 15.Rd1 Qb8
16.Qe2 Bc8 17.Bb3 Ng4 18.Ng5 Nxe3 19.fxe3 Bf6 20.Nxf7 Nc5 21.Nd6+ Nxb3 22.Qc4+ Kh8
23.Qxb3 Qxb3 24.cxb3 Be6 25.Nc4 Bg5 26.Rd3 Kg7 27.Nxe5 Bxb3 28.Nf3 Bh6 29.Kf2 Rb8
30.Rd2 Kg8 31.e5 Bg7 32.Ne4 Bd5 33.Nf6+ Bxf6 34.exf6 Rf8 35.Rd4 Rxf6 36.e4 Bf7
37.e5 Rf5 38.g4  1-0

[Event "XXIX Open A"]
[Site "Zalakaros HUN"]
[Date "2010.06.01"]
[Round "7"]
[White "Pergel,L"]
[Black "Kende,G"]
[Result "1-0"]
[WhiteElo "2285"]
[BlackElo "2224"]

1.e4 g6 2.d4 Bg7 3.Nc3 d6 4.Be2 a6 5.h4 h5 6.Bg5 Nc6 7.d5 Ne5 8.Nf3 Ng4 9.Nd4 N8f6
10.Qd2 c5 11.dxc6 bxc6 12.f3 Ne5 13.O-O O-O 14.Kh1 c5 15.Nb3 Rb8 16.Rab1 Bb7
17.Rfd1 Qc7 18.Qe3 Rfe8 19.Bf4 Nfd7 20.Nd5 Bxd5 21.exd5 Rb4 22.Nd2 Reb8 23.b3 Qa5
24.a4 Nb6 25.c4 Nbd7 26.Rf1 Qd8 27.Bg5 Nf6 28.Rbe1 R4b7 29.Bd3 Nh7 30.Ne4 Qf8
31.Nf2 Re8 32.f4 Ng4 33.Nxg4 hxg4 34.f5 Bd4 35.Qe4 Nxg5 36.hxg5 Qg7 37.Qxg4 Reb8
38.Rf3  1-0

[Event "XXIX Open A"]
[Site "Zalakaros HUN"]
[Date "2010.06.01"]
[Round "7"]
[White "Schneider,Ve"]
[Black "Kincs,I"]
[Result "1-0"]
[WhiteElo "2339"]
[BlackElo "2259"]

1.e4 d6 2.d4 g6 3.Nc3 Bg7 4.Be3 Nd7 5.Nf3 e5 6.h3 Ne7 7.Bc4 h6 8.dxe5 Nxe5
9.Nxe5 Bxe5 10.Qd2 Bg7 11.Bd4 O-O 12.Bxg7 Kxg7 13.Qd4+ f6 14.O-O-O a6 15.a3 Bd7
16.f4 Qc8 17.g4 Be6 18.Nd5 Nc6 19.Qc3 Bxd5 20.exd5 Ne7 21.Rde1 Qd7 22.Re6 Ng8
23.g5 c5 24.Rg1 hxg5 25.Rxg5 Rae8 26.Bd3 Rxe6 27.dxe6 Qxe6 28.Bxg6 Qe7 29.Be8+ Kh8
30.Rh5+ Kg7 31.Qg3+  1-0

[Event "Maia Chiburdanidze Cup"]
[Site "Tbilisi GEO"]
[Date "2010.06.02"]
[Round "8"]
[White "Gvetadze,Sopi"]
[Black "Mammadova,G"]
[Result "1-0"]
[WhiteElo "2363"]
[BlackElo "2287"]

1.e4 d6 2.d4 g6 3.Nc3 Bg7 4.Nge2 Nf6 5.g3 O-O 6.Bg2 e5 7.h3 c6 8.a4 Nbd7
9.Be3 Re8 10.O-O Qc7 11.Qd2 a6 12.f4 exd4 13.Bxd4 c5 14.Bf2 Rb8 15.g4 b5
16.axb5 axb5 17.Ng3 b4 18.Na4 Bb7 19.Rfe1 h5 20.gxh5 gxh5 21.Qd1 Bc6 22.Re3 Re6
23.f5 Re5 24.Nxh5 Nxh5 25.Qxh5 Nf6 26.Qg5 Nh7 27.Qf4 Rbe8 28.Bh4 f6 29.b3 Qe7
30.Nb6 Bxe4 31.Nc4 Bxg2 32.Nxe5 fxe5 33.Qg4 Qf7 34.Qxg2 Kh8 35.Rd1 Qxf5 36.Rxd6 e4
37.Kh1 Bd4 38.Re1 Rg8 39.Rd8 Nf8 40.Qf1 Rg1+ 41.Qxg1 Bxg1 42.Kxg1 Kh7 43.Rf1 Qg6+
44.Kh2 e3 45.Rfxf8 Qxc2+ 46.Kg3 Qg6+ 47.Kf4 Qe6 48.Rh8+ Kg7 49.Rdg8+ Kf7
50.Rf8+ Kg7 51.Bf6+ Kg6 52.Rfg8+  1-0

[Event "XXIX Open A"]
[Site "Zalakaros HUN"]
[Date "2010.06.02"]
[Round "8"]
[White "Nemeth,Ge"]
[Black "Toplak,S"]
[Result "1-0"]
[WhiteElo "1835"]
[BlackElo "1909"]

1.e4 g6 2.d4 Bg7 3.Nc3 d6 4.f4 c6 5.Nf3 Nf6 6.Bd3 Nbd7 7.O-O e5 8.dxe5 dxe5
9.f5 Ng4 10.Qe1 O-O 11.h3 Qb6+ 12.Kh1 Ngf6 13.Be3 Qxb2 14.a3 c5 15.Na4 Qxa1
16.Qxa1 Nh5 17.Kh2 gxf5 18.Qa2 b6 19.exf5 Bb7 20.Ng5 Ndf6 21.Bc4 h6 22.Bxf7+ Kh8
23.Bxh5 Nxh5 24.Ne6 Rg8 25.g4 Bf6 26.Rg1 Nf4 27.Nxf4 exf4 28.Bxf4 Rae8 29.Qf7 Re2+
30.Kg3 Bd4 31.Qxb7 Bxg1 32.f6 Bh2+ 33.Kf3 Rxc2 34.Qe4 Ra2 35.Bxh2 Rxh2 36.Qe5 Rxh3+
37.Kg2 Re3 38.Qxe3 Rxg4+ 39.Kh3 Rg6 40.Qe8+  1-0

[Event "XXIX Open A"]
[Site "Zalakaros HUN"]
[Date "2010.06.02"]
[Round "8"]
[White "Feher,Ad"]
[Black "Ianov,V"]
[Result "1/2-1/2"]
[WhiteElo "2247"]
[BlackElo "2375"]

1.e4 d6 2.d4 g6 3.Nc3 Bg7 4.Be3 a6 5.Bd3 Nd7 6.Qd2 c5 7.Nf3 b5 8.a4 b4 9.Ne2 Qc7
10.c3 bxc3 11.bxc3 Bb7 12.O-O Ngf6 13.d5 c4 14.Bc2 Nc5 15.Ng3 h5 16.h4 e5
17.dxe6 Nxe6 18.Ng5 Nxg5 19.Bxg5 O-O 20.Bh6 Qc5 21.Bxg7 Kxg7 22.Nf5+ gxf5
23.Qg5+ Kh7 24.e5 Ne4 25.Bxe4 Bxe4  1/2-1/2

[Event "9th TCh-BIH Premier"]
[Site "Bihac BIH"]
[Date "2010.06.08"]
[Round "4"]
[White "Stojanovic,Da"]
[Black "Arapovic,V"]
[Result "1/2-1/2"]
[WhiteElo "2481"]
[BlackElo "2366"]

1.e4 g6 2.d4 Bg7 3.Nc3 d6 4.Bg5 c6 5.Qd2 Qa5 6.f4 h6 7.Bh4 Nf6 8.Nf3 Bg4
9.Bd3 Bxf3 10.gxf3 Qh5 11.Qf2 Nbd7 12.O-O-O Qa5 13.e5 Nd5 14.Nxd5 cxd5 15.e6 fxe6
16.Bxg6+ Kd8 17.Kb1 Rf8 18.Rhe1 Rxf4 19.Rxe6 Bf6 20.Bg3 Nf8 21.Bxf4 Nxe6
22.Bxh6 Kc7 23.Bf5 Nd8 24.h4 Nc6 25.Bg5 Rf8 26.Bxf6 Rxf6 27.Bg4 Kb8 28.Qe3 e5
29.Qg5 Rf8 30.dxe5 dxe5 31.Qg7 Qc5 32.h5 Qe7 33.Qxe7 Nxe7 34.Re1 e4 35.fxe4 Rf4
36.exd5 Nxd5 37.Bd1 Rh4 38.Bf3 Nf6 39.b3 Rh3 40.Rf1 Nxh5 41.Bd5 Rc3 42.Bc4 a6
43.Kb2 Re3  1/2-1/2

[Event "FSIMB June"]
[Site "Budapest HUN"]
[Date "2010.06.10"]
[Round "6"]
[White "To,N"]
[Black "Mitchell,M"]
[Result "1-0"]
[WhiteElo "2413"]
[BlackElo "2266"]

1.e4 g6 2.d4 Bg7 3.Nc3 d6 4.Be3 a6 5.f4 b5 6.Bd3 Nd7 7.Nf3 Bb7 8.e5 c5 9.Be4 Bxe4
10.Nxe4 cxd4 11.Bxd4 dxe5 12.fxe5 Nf8 13.Nc5 Nh6 14.a4 Nf5 15.c3 b4 16.a5 Nxd4
17.cxd4 Qd5 18.Qa4+ Nd7 19.O-O Ra7 20.Nd3 b3 21.Rfc1 O-O 22.Nb4 Qa8 23.Nc6 Rb7
24.Nxe7+ Kh8 25.Nd5 Rd8 26.Qc4 Qa7 27.Kh1 Rbb8 28.Nc3 Rb7 29.Ne4 Nf8 30.Nd6 Rbd7
31.Ng5 Kg8 32.Rf1 Rc7 33.Qxb3 Rb8 34.Qd5 h6 35.Ngxf7 Kh7 36.Ra3 Qa8 37.Qxa8 Rxa8
38.Rc3 Rd7 39.Rc4 Rb8 40.b4 Kg8 41.g3 Ne6 42.d5 Nc7 43.e6 Re7 44.Nc8 Rxc8
45.d6 Rxe6 46.d7  1-0

[Event "TCh-SUI 2010"]
[Site "Switzerland SUI"]
[Date "2010.06.13"]
[Round "4.1"]
[White "Flueckiger,C"]
[Black "Hickl,J"]
[Result "0-1"]
[WhiteElo "2324"]
[BlackElo "2572"]

1.e4 g6 2.d4 Bg7 3.Nc3 d6 4.f4 c6 5.Nf3 Qb6 6.h3 Nf6 7.Bd3 O-O 8.O-O e5 9.Be3 Nh5
10.fxe5 dxe5 11.Na4 Qa5 12.c3 Nd7 13.Bc2 Qc7 14.d5 cxd5 15.Qxd5 Nhf6 16.Qb3 b6
17.c4 Bb7 18.Nd2 Rad8 19.Nc3 Nc5 20.Qa3 Rxd2 21.Bxd2 Nfxe4 22.Nxe4 Nxe4 23.Be3 Qxc4
24.Qxa7 Nd6 25.Rf2 e4 26.Rd1 Nf5 27.Bb3 Qc8 28.Qxb6 Be5 29.Bd5 Bxd5 30.Rxd5 Re8
31.Qc5 Qb8 32.g4 Nxe3 33.Qxe3 Bc7 34.Rf6 Re6 35.Qc3  0-1

[Event "4th Open"]
[Site "Varna BUL"]
[Date "2010.06.13"]
[Round "2"]
[White "Abdulla,K"]
[Black "Jojua,D"]
[Result "1/2-1/2"]
[WhiteElo "2183"]
[BlackElo "2537"]

1.e4 g6 2.d4 Bg7 3.Nc3 d6 4.f4 a6 5.Nf3 Nd7 6.Bd3 b5 7.e5 Bb7 8.Be3 e6 9.Ne4 Nb6
10.O-O Ne7 11.Qe1 O-O 12.Bd2 Nf5 13.b3 h5 14.Neg5 dxe5 15.dxe5 Qe7 16.Ne4 c5
17.b4 c4 18.Nf6+ Kh8 19.Bxf5 gxf5 20.Be3 Nd7 21.Nxd7 Qxd7 22.Rd1 Qc7 23.Qf2 Rfe8
24.Bb6 Qc8 25.Rd2 Bf8 26.c3 Kg8 27.Rfd1 Bc6 28.Nd4 Be4 29.Nf3 Rb8 30.Rd8 Qc6
31.Rxb8 Rxb8 32.Ba7 Ra8 33.Ne1 a5 34.a3 axb4 35.axb4 Qb7 36.Bd4 Ra3 37.Qh4 Be7
38.Qf2 Qa6  1/2-1/2

[Event "14th Master Open"]
[Site "Voronezh RUS"]
[Date "2010.06.16"]
[Round "5"]
[White "Lukjanenko,A"]
[Black "Lastin,A"]
[Result "1/2-1/2"]
[WhiteElo "2375"]
[BlackElo "2643"]

1.e4 g6 2.d4 Bg7 3.Nc3 d6 4.Nf3 Nf6 5.Be2 O-O 6.O-O c6 7.a4 Qc7 8.Bf4 Nbd7
9.e5 Nh5 10.exd6 exd6 11.Bg5 d5 12.Qd2 Re8 13.Rfe1 Nf8 14.Bh6 Bxh6 15.Qxh6 Bf5
16.Ne5 Ng7 17.Qd2 a5 18.Nd1 f6 19.Nf3 Re7 20.Ne3 Rd8 21.g3 Be4 22.Ng4 Nd7
23.Nh6+ Kf8 24.Ra3 Rde8 25.Re3 b6 26.c3 Qd6 27.Rf1 Ne6 28.Ne1 Kg7 29.f3 Bb1
30.Ng2 g5  1/2-1/2

[Event "Open"]
[Site "Eforie Nord ROU"]
[Date "2010.06.18"]
[Round "1"]
[White "Iovcov,V"]
[Black "Moldovan,D"]
[Result "0-1"]
[WhiteElo "1932"]
[BlackElo "2423"]

1.e4 g6 2.d4 Bg7 3.Nc3 d6 4.h3 a6 5.a4 Nf6 6.Be3 O-O 7.Nge2 e5 8.g3 Nc6 9.Bg2 exd4
10.Nxd4 Bd7 11.O-O Re8 12.Qd2 Ne5 13.b3 c5 14.Nde2 Bxh3 15.f4 Bxg2 16.fxe5 Nxe4
17.Qd5 Bxf1 18.Rxf1 Nxc3 19.Nxc3 Qd7  0-1

[Event "Open"]
[Site "Eforie Nord ROU"]
[Date "2010.06.18"]
[Round "1"]
[White "Berbatov,K"]
[Black "Arghirescu,A"]
[Result "1-0"]
[WhiteElo "2471"]
[BlackElo "1972"]

1.e4 g6 2.d4 Bg7 3.Nc3 d6 4.Be3 f5 5.exf5 Bxf5 6.g4 Bd7 7.Bg2 Nc6 8.h3 e5
9.dxe5 Nxe5 10.Qe2 Ne7 11.O-O-O Bc6 12.f4 Bxg2 13.Qxg2 Nc4 14.Bd4 Bxd4 15.Rxd4 Na5
16.Nf3 c5 17.Rd3 O-O 18.Ng5 Qb6 19.Nd5 Nxd5 20.Qxd5+ Kh8 21.Re1  1-0

[Event "14th FIDE Open"]
[Site "Voronezh RUS"]
[Date "2010.06.19"]
[Round "7"]
[White "Dulenko,M"]
[Black "Andreev,Vik"]
[Result "1/2-1/2"]
[WhiteElo "2042"]
[BlackElo "2228"]

1.e4 d6 2.d4 g6 3.Nc3 Bg7 4.g3 Nc6 5.Nge2 Bg4 6.Be3 Bf3 7.Rg1 Nf6 8.Bg2 Bxg2
9.Rxg2 e5 10.d5 Ne7 11.Qd3 Ng4 12.O-O-O Nxe3 13.Qxe3 f5 14.f4 Qd7 15.h3 b5
16.g4 b4 17.Nb1 fxe4 18.Qxe4 O-O 19.Nd2 c6 20.dxc6 Qxc6 21.fxe5 dxe5 22.Qxc6 Nxc6
23.Ne4 Rad8 24.Rxd8 Nxd8 25.Rf2 Rxf2 26.Nxf2 Ne6 27.Ne4 Nf4 28.Ng1 Kf8 29.c4 Ke7
30.h4 Ng2 31.Nf3 Ne3 32.g5 Nxc4 33.Kc2 Ke6 34.b3 Nb6 35.Kd3 Nd5 36.Kc4 Nc3
37.Nc5+ Kf5 38.Kxb4 Nxa2+ 39.Kc4 Kg4 40.Nd2 Kxh4 41.Ne6 Bh8 42.Ne4 Kg4 43.Nd6 e4
44.Nxe4 Kf5 45.N4c5 Be5 46.Nf8 Kxg5 47.Nxh7+ Kf5  1/2-1/2

[Event "Open"]
[Site "Eforie Nord ROU"]
[Date "2010.06.20"]
[Round "3"]
[White "Thesing,M"]
[Black "Dragomirescu,C"]
[Result "1/2-1/2"]
[WhiteElo "2425"]
[BlackElo "2213"]

1.e4 g6 2.d4 d6 3.Nc3 Bg7 4.Be3 c6 5.Qd2 Nd7 6.f4 Ngf6 7.Nf3 b5 8.Bd3 O-O
9.e5 b4 10.Ne4 Nd5 11.h4 Nxe3 12.Qxe3 Nb6 13.h5 Nd5 14.Qd2 Bg4 15.hxg6 fxg6
16.Bc4 Qd7 17.Nf2 Bxf3 18.gxf3 e6 19.Ne4 dxe5 20.dxe5 Qe7 21.Qh2 h6 22.Bxd5 cxd5
23.Nd6 g5 24.Qh5 Rxf4 25.Qg6 Rh4 26.Rxh4 gxh4 27.Ke2 Qg5 28.Qxe6+ Kh7 29.Qf5+ Qxf5
30.Nxf5 Bxe5 31.Rh1 Rc8 32.Rxh4 Rxc2+ 33.Kd3 Rxb2 34.Rxh6+ Kg8 35.Ra6 b3  1/2-1/2

[Event "Scheveningen"]
[Site "Kefar Sava ISR"]
[Date "2010.06.20"]
[Round "1"]
[White "Boruchovsky,A"]
[Black "Shnaider,D"]
[Result "1/2-1/2"]
[WhiteElo "2159"]
[BlackElo "2247"]

1.e4 d6 2.d4 g6 3.Nc3 Bg7 4.Be3 Nf6 5.Qd2 c6 6.h3 b5 7.Bd3 e5 8.dxe5 dxe5
9.Nf3 Nbd7 10.Ne2 O-O 11.O-O Bb7 12.Ng3 a6 13.Rad1 c5 14.c3 Re8 15.Bc2 Bf8
16.Bg5 Qc7 17.Nh4 c4 18.Qe3 Re6 19.Kh1 Ne8 20.Rd2 Rd6 21.Rfd1 Rxd2 22.Rxd2 Nc5
23.Nf3 Ne6 24.Bh6 Bc5  1/2-1/2

[Event "14th FIDE Open"]
[Site "Voronezh RUS"]
[Date "2010.06.20"]
[Round "8"]
[White "Safonov,Ar"]
[Black "Filippov,Vl"]
[Result "0-1"]
[WhiteElo "1966"]
[BlackElo "2085"]

1.e4 g6 2.d4 Bg7 3.Nc3 d6 4.Be3 a6 5.Be2 Nc6 6.a3 Nf6 7.h4 h5 8.f3 b5 9.Nh3 Bxh3
10.Rxh3 Na5 11.b3 Nb7 12.Qd2 c5 13.Rc1 O-O 14.Nd1 cxd4 15.Bxd4 Nc5 16.Nf2 Ne6
17.Be3 d5 18.e5 d4 19.Bh6 Nd5 20.Bxg7 Kxg7 21.Nd3 Ne3 22.Kf2 Rc8 23.c3 Nf5
24.c4 bxc4 25.Rxc4 Qd5 26.Qc1 Qb7 27.Nb4 Ne3 28.Rxc8 Rxc8 29.Qb1 Nc5 30.Bd3 a5
31.Rg3 Nxd3+ 32.Nxd3 Rc2+ 33.Kg1 Qc7 34.Kh2 Qc3 35.Nf4 d3 36.b4 d2 37.bxa5 d1=Q
38.Nxh5+ Kh7  0-1

[Event "Sveins Minneturnering"]
[Site "Oslo NOR"]
[Date "2010.06.21"]
[Round "7"]
[White "Hammer,J"]
[Black "Hoi,C"]
[Result "1-0"]
[WhiteElo "2610"]
[BlackElo "2410"]

1.e4 g6 2.d4 Bg7 3.Nc3 d6 4.f4 Nc6 5.Be3 Nf6 6.Nf3 O-O 7.Qd2 e6 8.O-O-O a6
9.h3 Ne7 10.Bd3 b5 11.e5 Nfd5 12.Nxd5 Nxd5 13.h4 h5 14.Ng5 c5 15.dxc5 dxe5
16.fxe5 Bxe5 17.Nf3 Bg7 18.Bh6 Qc7 19.Bxg7 Kxg7 20.Be4 Qxc5 21.g4 hxg4 22.Nd4 Bd7
23.h5 Rh8 24.hxg6 f5 25.Bxd5 Qxd5 26.Qc3 Kxg6 27.Rxh8 Rxh8 28.Ne2 Rc8 29.Nf4+ Kg5
30.Nxd5 Rxc3 31.Nxc3 Bc6 32.Rd6 Bd5 33.Nxd5 exd5 34.Kd2  1-0

[Event "Sveins Minneturnering"]
[Site "Oslo NOR"]
[Date "2010.06.21"]
[Round "7"]
[White "Getz,N"]
[Black "Mikkelsen,N"]
[Result "0-1"]
[WhiteElo "2243"]
[BlackElo "2409"]

1.e4 g6 2.d4 Bg7 3.Nc3 d6 4.f4 Nf6 5.Nf3 O-O 6.Be3 Na6 7.Qd2 Bg4 8.Be2 c5
9.e5 Nd7 10.O-O cxd4 11.Bxd4 dxe5 12.fxe5 Bxf3 13.Bxf3 Nxe5 14.Bxb7 Nc4 15.Qe2 Qxd4+
16.Kh1 Rab8 17.Bxa6 Nxb2 18.Ne4 Rb6 19.Rae1 Qa4 20.Nc5 Qa3 21.Qxe7 Rxa6 22.Rf3 Qxa2
23.Nxa6 Qxa6 24.Ref1 Qa2 25.Qc5 a6 26.Rb3 Qa4 27.Rb4 Qd7 28.Qb6 Nd1 29.Rb3 Nc3
30.Qxa6 Ne4 31.Qe2 Re8 32.Rd3 Qa7 33.Qf3 f5 34.g3 Qc5 35.g4 Qxc2 36.gxf5 Be5
37.Qh3 Nf2+ 38.Rxf2 Qxf2 39.Rf3 Qe1+ 40.Kg2 Bxh2 41.Rf1 Re2+ 42.Kh1 Qg3 43.fxg6 Qxh3
44.gxh7+ Kxh7 45.Rf7+ Kg6 46.Rf6+ Kg5 47.Rf5+ Kg4 48.Rg5+ Kf3  0-1

[Event "14th Master Open"]
[Site "Voronezh RUS"]
[Date "2010.06.21"]
[Round "9"]
[White "Danin,A"]
[Black "Zubov,A UKR"]
[Result "1/2-1/2"]
[WhiteElo "2509"]
[BlackElo "2586"]

1.e4 g6 2.d4 Bg7 3.Nc3 d6 4.Nge2 Nc6 5.h3 e5 6.Be3 Nf6 7.g3 O-O 8.Bg2 a6
9.O-O b5 10.Nd5 Bb7 11.Bg5 Nxd4 12.Nxd4 Bxd5 13.exd5 exd4 14.Qxd4 h6 15.Be3 Re8
16.Rab1 h5 17.Qd3 Nd7 18.c3 Ne5 19.Qd1 Qf6 20.b3 Qf5 21.Rc1 Qd3 22.c4 Qxd1
23.Rfxd1 bxc4 24.bxc4 Rab8 25.c5 Rb2 26.cxd6 cxd6 27.a4 Rb4 28.Rc6 Nxc6 29.dxc6 Rxa4
30.Rxd6 Ra2 31.Bd5  1/2-1/2

[Event "14th Master Open"]
[Site "Voronezh RUS"]
[Date "2010.06.21"]
[Round "9"]
[White "Efanov,N"]
[Black "Kondenko,A"]
[Result "1-0"]
[WhiteElo "2407"]
[BlackElo "2238"]

1.e4 d6 2.d4 g6 3.Nc3 Bg7 4.Be3 c6 5.Qd2 b5 6.Bd3 Nd7 7.Nf3 Bb7 8.O-O Qc7
9.Rfe1 a6 10.Ne2 e5 11.dxe5 dxe5 12.c4 Ngf6 13.Rec1 Qd6 14.a4 bxa4 15.c5 Qc7
16.h3 O-O 17.Rxa4 Rfd8 18.Qc3 Nf8 19.Ng3 Ne6 20.Bc4 Nd5 21.Qa3 Ndf4 22.Bxa6 Bxa6
23.Rxa6 Rxa6 24.Qxa6 Nd4 25.Nxd4 exd4 26.Bd2 d3 27.Rd1 Rd4 28.Ba5 Nxh3+ 29.Kh2 Qf4
30.Kxh3 Qxf2 31.Rxd3  1-0

[Event "Sveins Minneturnering"]
[Site "Oslo NOR"]
[Date "2010.06.22"]
[Round "9"]
[White "Trygstad,K"]
[Black "Hillarp Persson,T"]
[Result "0-1"]
[WhiteElo "2297"]
[BlackElo "2542"]

1.e4 g6 2.d4 Bg7 3.Nc3 d6 4.Be3 a6 5.f4 b5 6.Bd3 Bb7 7.Nf3 Nf6 8.e5 Ng4 9.Qe2 c5
10.e6 f5 11.dxc5 dxc5 12.Bxc5 Qc7 13.h3 Qxc5 14.hxg4 b4 15.Na4 Qa5 16.gxf5 Qxa4
17.Rd1 b3 18.axb3 Qxf4 19.fxg6 h6 20.Rh4 Qg3+ 21.Qf2 Qxf2+ 22.Kxf2 O-O 23.Rc4 Ra7
24.Ke3 Bd5 25.Rf4 Rxf4 26.Kxf4 Bxe6 27.Bc4 Bxc4 28.Rd8+ Bf8 29.Rxb8 Bd5 30.Nd4 Ra8
31.Rxa8 Bxa8 32.g4 e5+  0-1

[Event "70th ch-ITA S/F"]
[Site "Torino ITA"]
[Date "2010.06.22"]
[Round "3"]
[White "Cardani,R"]
[Black "Fassio,L"]
[Result "0-1"]
[WhiteElo "1998"]
[BlackElo "2050"]

1.e4 g6 2.d4 Bg7 3.Nc3 d6 4.Be3 c6 5.Qd2 b5 6.Bd3 Nd7 7.Nf3 Bb7 8.O-O a6
9.a4 Ngf6 10.Bh6 O-O 11.Bxg7 Kxg7 12.e5 Ne8 13.Rfe1 e6 14.Ne4 Nb6 15.b3 Rc8
16.a5 Nd7 17.c4 bxc4 18.bxc4 c5 19.Nxd6 Nxd6 20.exd6 Bxf3 21.gxf3 cxd4 22.Be4 Rxc4
23.Rec1 Rxc1+ 24.Rxc1 Qf6 25.f4 e5 26.fxe5 Qxe5 27.Bc6 Qxd6 28.Rc4 Ne5  0-1

[Event "1st Open"]
[Site "Marrakesh MAR"]
[Date "2010.06.26"]
[Round "2"]
[White "Maze,S"]
[Black "Zozulia,A"]
[Result "1-0"]
[WhiteElo "2564"]
[BlackElo "2323"]

1.d4 g6 2.e4 Bg7 3.Nc3 d6 4.Be3 c6 5.h3 b5 6.a3 a6 7.f4 Nd7 8.Nf3 Bb7 9.Bd3 e5
10.dxe5 dxe5 11.O-O exf4 12.Bxf4 Ne7 13.e5 Nc5 14.Ne4 Nxe4 15.Bxe4 Qb6+ 16.Kh1 c5
17.Bxb7 Qxb7 18.e6 f6 19.Qd6 Qd5 20.Rad1 Qxd6 21.Bxd6 Nf5 22.Rfe1 Nxd6 23.Rxd6 O-O
24.Red1 Rfe8 25.Rc6 Bf8 26.Rd7 Rad8 27.Rcc7 Rxd7 28.exd7 Rd8 29.b4  1-0

[Event "1st Open"]
[Site "Marrakesh MAR"]
[Date "2010.06.26"]
[Round "2"]
[White "Mounib,A"]
[Black "Shoker,S"]
[Result "0-1"]
[WhiteElo "2169"]
[BlackElo "2466"]

1.e4 d6 2.d4 g6 3.Nc3 Bg7 4.Nf3 a6 5.Be3 Nd7 6.Qd2 b5 7.a3 Bb7 8.Bd3 c5 9.O-O cxd4
10.Bxd4 Ngf6 11.Rfe1 O-O 12.h3 Rc8 13.Rad1 Nb6 14.b3 e5 15.Bxb6 Qxb6 16.Na2 a5
17.c4 bxc4 18.bxc4 Qc5 19.Nc3 Bc6 20.a4 Nd7 21.Bf1 Qa7 22.Qxd6 Rfe8 23.Nb5 Qb6
24.Qa3 Bf8 25.Qa2 Qb7 26.Nd2 Nf6 27.Bd3 Rcd8 28.Nb3 Bb4 29.Rf1 Nxe4 30.Bxe4 Bxe4
31.Rxd8 Rxd8 32.f3 Bf5 33.Qf2 Qc6 34.c5 Be6 35.Qc2 Bf5 36.Qb2 Be6 37.Rc1  0-1

[Event "1st Open"]
[Site "Marrakesh MAR"]
[Date "2010.06.27"]
[Round "3"]
[White "Teske,H"]
[Black "Chorfi,K"]
[Result "1-0"]
[WhiteElo "2542"]
[BlackElo "2174"]

1.d4 g6 2.e4 Bg7 3.Nc3 d6 4.Be3 c6 5.f4 d5 6.e5 Nh6 7.Nf3 Bg4 8.h3 Bxf3 9.Qxf3 Nf5
10.Bf2 e6 11.g4 Ne7 12.Bd3 Qb6 13.O-O-O Na6 14.f5 exf5 15.gxf5 Nb4 16.f6 Bh6+
17.Kb1 Nxd3 18.Rxd3 Nf5 19.h4 O-O-O 20.h5 Rhe8 21.Qg4 Kb8 22.Ne2 Ka8 23.Ng3 Nxg3
24.Bxg3 Bf8 25.hxg6 hxg6 26.Rh7 c5 27.Rxf7 c4 28.Re3 Bh6 29.Rf3 Bd2 30.c3 Rh8
31.Bf2 Rh1+ 32.Bg1 Qb5 33.Qg2 Qe8 34.Qxh1 Qxf7 35.Qg2 Bh6 36.Qh3  1-0

[Event "1st Open"]
[Site "Marrakesh MAR"]
[Date "2010.06.28"]
[Round "5"]
[White "Ulibin,M"]
[Black "Mounib,A"]
[Result "1-0"]
[WhiteElo "2532"]
[BlackElo "2169"]

1.e4 d6 2.d4 g6 3.Nc3 Bg7 4.Bg5 a6 5.a4 Nd7 6.Qd2 c5 7.d5 Qa5 8.f3 b5 9.Nd1 Qxd2+
10.Bxd2 b4 11.a5 h5 12.Nh3 Ne5 13.Ng5 Nh6 14.c3 bxc3 15.Bxc3 O-O 16.f4 Nd7
17.h3 Re8 18.Bc4 Nf8 19.O-O Ra7 20.Ne3 Bf6 21.Rfe1 Kg7 22.e5 dxe5 23.Ne4 Nd7
24.d6 Bb7 25.Nd5 Bxd5 26.Bxd5 e6 27.Bc6  1-0